<?xml version="1.0" encoding="UTF-8"?>
<record
    xmlns:xsi="http://www.w3.org/2001/XMLSchema-instance"
    xsi:schemaLocation="http://www.loc.gov/MARC21/slim http://www.loc.gov/standards/marcxml/schema/MARC21slim.xsd"
    xmlns="http://www.loc.gov/MARC21/slim">

  <leader>00728nam a22002297a 4500</leader>
  <controlfield tag="003">3228</controlfield>
  <controlfield tag="005">20250507010736.0</controlfield>
  <controlfield tag="008">250506b        sa ||||| |||| 00| 1 AFR d</controlfield>
  <datafield tag="020" ind1=" " ind2=" ">
    <subfield code="a">9781415301654</subfield>
    <subfield code="q">pbk</subfield>
  </datafield>
  <datafield tag="040" ind1=" " ind2=" ">
    <subfield code="a">RDA</subfield>
    <subfield code="c">2000</subfield>
  </datafield>
  <datafield tag="041" ind1=" " ind2=" ">
    <subfield code="2">A</subfield>
  </datafield>
  <datafield tag="082" ind1=" " ind2=" ">
    <subfield code="a">AF KING</subfield>
  </datafield>
  <datafield tag="100" ind1=" " ind2=" ">
    <subfield code="a">Kingsbury, Karen</subfield>
    <subfield code="9">2331</subfield>
  </datafield>
  <datafield tag="245" ind1=" " ind2=" ">
    <subfield code="a">Soos saad op die wind /</subfield>
    <subfield code="c">Karen Kingsbury ; vertaal deur Helena Hugo</subfield>
  </datafield>
  <datafield tag="260" ind1=" " ind2=" ">
    <subfield code="a">Kaapstad :</subfield>
    <subfield code="b">Struik Christelike Boeke, </subfield>
    <subfield code="c">2007</subfield>
  </datafield>
  <datafield tag="300" ind1=" " ind2=" ">
    <subfield code="a">333 pages</subfield>
    <subfield code="c">21 cm.</subfield>
  </datafield>
  <datafield tag="655" ind1=" " ind2="0">
    <subfield code="9">189056</subfield>
    <subfield code="a">Afrikaans Fiction</subfield>
  </datafield>
  <datafield tag="655" ind1=" " ind2="0">
    <subfield code="9">188069</subfield>
    <subfield code="a">Religious Fiction</subfield>
  </datafield>
  <datafield tag="655" ind1=" " ind2="0">
    <subfield code="9">188670</subfield>
    <subfield code="a">Human Relations Fiction</subfield>
  </datafield>
  <datafield tag="700" ind1=" " ind2=" ">
    <subfield code="9">148114</subfield>
    <subfield code="a">Hugo, Helena</subfield>
    <subfield code="e">Translator</subfield>
  </datafield>
  <datafield tag="942" ind1=" " ind2=" ">
    <subfield code="2">ddc</subfield>
    <subfield code="c">BK</subfield>
    <subfield code="w">296</subfield>
    <subfield code="x">Phillipina Naude</subfield>
    <subfield code="y"></subfield>
    <subfield code="z">CRON CRON</subfield>
  </datafield>
  <datafield tag="999" ind1=" " ind2=" ">
    <subfield code="c">775766</subfield>
    <subfield code="d">775765</subfield>
  </datafield>
  <datafield tag="952" ind1=" " ind2=" ">
    <subfield code="0">0</subfield>
    <subfield code="1">0</subfield>
    <subfield code="2">ddc</subfield>
    <subfield code="4">0</subfield>
    <subfield code="7">0</subfield>
    <subfield code="8">F</subfield>
    <subfield code="a">KLIPL</subfield>
    <subfield code="b">KLIPL</subfield>
    <subfield code="c">FIC</subfield>
    <subfield code="d">2025-05-06</subfield>
    <subfield code="l">0</subfield>
    <subfield code="o">AF KING</subfield>
    <subfield code="p">138208</subfield>
    <subfield code="r">2025-05-06</subfield>
    <subfield code="w">2025-05-06</subfield>
    <subfield code="y">BK</subfield>
    <subfield code="z">D117374</subfield>
  </datafield>
</record>
